| 000 | 00347nam a2200133Ia 4500 | ||
|---|---|---|---|
| 008 | 240624s9999 xx 000 0 und d | ||
| 041 | _aeng | ||
| 082 | _a330.122 GAY | ||
| 100 | _aGAY PAUL DU | ||
| 245 | _aNEW SPIRITS OF CAPITALISM CRISES JUSTIFI | ||
| 260 |
_c2014 _aNew Delhi _bOxford |
||
| 300 | _axi, : 328 : p. : cm. ; 23 | ||
| 365 |
_cBPS _b38 |
||
| 999 |
_c28334 _d28334 |
||